000 00905cam a2200289 i 4500
999 _c2189
_d2189
001 3683575
003 GZU
005 20201028093203.0
008 790102s1979 maua b 001 0 eng
010 _a 78031820
020 _a0674807952
040 _aDLC
_cDLC
_dDLC
050 0 0 _aHV2474
_b.K53
060 _aHV2474 K65s
082 0 0 _a419
100 1 _aKlima, Edward S.,
_d1931-2008.
245 1 4 _aThe signs of language /
_cEdward S. Klima, Ursula Bellugi, with Robbin Battison .. [et al.].
260 _aCambridge, Mass. :
_bHarvard University Press,
_c1979.
300 _axii, 417 p. :
_bill. ;
_c25 cm.
500 _aIncludes index.
504 _aBibliography: p. [401]-408.
650 0 _aSign language.
650 2 _aManual communication.
700 1 _aBellugi, Ursula,
_d1931-
_ejoint author.
906 _a7
_bcbc
_corignew
_d1
_eocip
_f19
_gy-gencatlg
942 _2lcc
_cBK
_h2474
_iKLI
_kHV
_m1979